000 00293nam a2200109Ia 4500
008 200302s9999 xx 000 0 und d
100 _aBjarki Hallgrimsson
245 _aPrototyping and Modelmaking for product design
260 _bLaurence King Publishing Ltd.,
260 _c2012
300 _a192
999 _c6546
_d6546